| 000 | 00731cam a22002533a 4500 | ||
|---|---|---|---|
| 001 | 9197 | ||
| 003 | PGUSA | ||
| 005 | 20140828083209.0 | ||
| 008 | 040813s2004||||xxu|||||s|||||000 | eng d | ||
| 040 |
_aPGUSA _beng |
||
| 042 | _adc | ||
| 050 | 4 | _aDA | |
| 100 | 1 |
_aDitchfield, P. H. _q(Peter Hampson), _d1854-1930 |
|
| 245 | 1 | 0 |
_aEnglish Villages _h[electronic resource] / _cP. H. Ditchfield |
| 260 |
_bProject Gutenberg, _c2004 |
||
| 506 | _aPublic domain in the USA. | ||
| 516 | _aElectronic text | ||
| 653 | _aEngland -- Social life and customs | ||
| 653 | _aEngland -- Antiquities | ||
| 653 | _aVillages -- England | ||
| 830 | 0 |
_aProject Gutenberg _v9197 |
|
| 856 | 4 | 0 | _uhttp://www.gutenberg.org/ebooks/9197 |
| 942 | _cEB | ||
| 999 |
_c238453 _d238453 |
||